书目信息 |
| 题名: |
妇产科急症手册
|
|
| 作者: | 鲁茨赫勒尔 编著 ;郭日贞 译 | |
| 分册: | ||
| 出版信息: | 长春 吉林人民出版社 1980.12 |
|
| 页数: | 189页 | |
| 开本: | 13cm | |
| 丛书名: | ||
| 单 册: | ||
| 中图分类: | R71 | |
| 科图分类: | ||
| 主题词: | 妇产科病:急性病--手册 , 急性病:妇产科病--手册 | |
| 电子资源: | ||
| ISBN: | ||
| 000 | 00680nam0 2200241 45 | |
| 001 | 0180000106 | |
| 005 | 20061121101051.56 | |
| 010 | @dCNY0.30 | |
| 091 | @a14091.74 | |
| 100 | @a19960227d1980 em y0chiy0121 ea | |
| 101 | 1 | @achi@cger |
| 102 | @aCN@b220000 | |
| 105 | @ay z 000yy | |
| 200 | 10 | @a妇产科急症手册@Afu chan ke ji zheng shou ce@f(德)鲁茨赫勒尔编著@g郭日贞译 |
| 210 | @a长春@c吉林人民出版社@d1980.12 | |
| 215 | @a189页@d13cm | |
| 606 | @a妇产科病:急性病@x手册 | |
| 606 | @a急性病:妇产科病@x手册 | |
| 690 | @aR71@v3 | |
| 701 | 1 | @a鲁茨赫勒尔@Alu ci he le er@4编著 |
| 702 | 0 | @a郭日贞@Aguo ri zhen@4译 |
| 801 | 0 | @aCN@bTSSF@c20061121 |
| 905 | @a10447@dR71@e6 | |
| 妇产科急症手册/(德)鲁茨赫勒尔编著/郭日贞译.-长春:吉林人民出版社,1980.12 |
| 189页;13cm |
| ISBN :CNY0.30 |
| ● |
| 相关链接 |
|
|
|
|
正题名:妇产科急症手册
索取号:R71/6
 
预约/预借
| 序号 | 登录号 | 条形码 | 馆藏地/架位号 | 状态 | 备注 |
| 1 | 0037814 | 000715970 | 第二样本阅览室/ [索取号:R71/6] | 在馆 |